01018nam a2200265 a 4500001001000000003000900010005001700019007000300036008004100039020001800080040002500098082002700123100003800150245008200188260007200270300002100342490005400363490003300417500003500450504007400485504003300559651005700592651005500649651004800704000003205DO-SdBNP20240308073617.0ta090707s2009 dr 001 0aspa d a9789945443387 aDO-SdBNPbspacBNPHU a305.8687293bD325d2221 aDeive, Carlos Esteban,d1935-201910aLos dominicanos vistos por extranjeros (1730 - 1929) /cCarlos Esteban Deive. aSanto Domingo :bBanco Central de la República Dominicana,c2009. a368 p. ;c23 cm. aBanco Central de la República Dominicana ;v111 aCiencias sociales ; No.v 20 aIncluye índice onomástico. aIncluye referencias bibliográficas y notas al pie de las páginas. aBibliografía : p. 347-350. 4aRepública DominicanaxCaracterísticas nacionales 4aRepública DominicanaxVida social y costumbres 4aRepública DominicanaxHistoriay1730-1929